000 00529nam a2200217Ia 4500
003 OSt
005 20231012091156.0
008 210210b1924 xxu||||| |||| 00| 0 eng d
040 _cAL
041 _aeng
082 _a940/203
100 _aREDDAWAY (W F)
_9137553
245 _aModern European history
260 _aLondon
_bEdward Arnold & Co
_c1924
650 _aModern
_9137554
650 _ahistory
_9137555
650 _aEuropean
_9137556
690 _aEuropean History
_9137557
906 _a025270
942 _2ddc
_cBK
999 _c151121
_d151121